{"text_format":"3","workbook":"xlsx","n_sheets":1,"sheets":["t613"],"read":"whole","date_system":"1900"}

{"sheet":"t613","index":0,"n_rows":157,"n_cols":7,"rows_kept":157,"merged":[[0,0,0,6],[30,0,30,5],[43,0,43,5],[140,0,140,5]]}
["TABELA 613.1 - Estatísticas Agrícolas, Município de Ubarana, Estado de São Paulo, 2007/08."]
["ITEM","UNIDADE","N.DE UPAs","MÍNIMO","MÉDIO","MÁXIMO","TOTAL"]
["Distância à sede do município","km",139,0.1,{"v":5.86,"d":"5.9"},{"v":26,"d":"26.0"},"-"]
["Área total","hectare",139,0.2,{"v":143.66,"d":"143.7"},{"v":4260.1,"d":"4,260.1"},{"v":19968.1,"d":"19,968.1"}]
["Área com cultura perene","hectare",13,0.2,133.6,875.3,{"v":1736.8,"d":"1,736.8"}]
["Área com cultura temporária","hectare",61,0.6,{"v":193.29,"d":"193.3"},{"v":3641.6,"d":"3,641.6"},{"v":11790.4,"d":"11,790.4"}]
["Área com pastagem","hectare",94,0.1,{"v":45.94,"d":"45.9"},866.4,{"v":4318.4,"d":"4,318.4"}]
["Área com reflorestamento","hectare",11,0.5,{"v":33.38,"d":"33.4"},{"v":322,"d":"322.0"},367.2]
["Área com vegetação natural","hectare",64,0.2,{"v":10.69,"d":"10.7"},155.9,684.1]
["Área com vegetação de brejo e várzea","hectare",51,0.1,{"v":4.07,"d":"4.1"},{"v":86,"d":"86.0"},207.7]
["Área em descanso","hectare",10,{"v":2,"d":"2.0"},{"v":46.71,"d":"46.7"},152.4,467.1]
["Área complementar","hectare",109,0.1,{"v":3.64,"d":"3.6"},136.9,396.4]
["Área das UPAs com (0, 1] ha","hectare",4,0.2,{"v":0.63,"d":"0.6"},{"v":1,"d":"1.0"},2.5]
["Área das UPAs com (1, 2] ha","hectare",3,1.8,1.9,{"v":2,"d":"2.0"},5.7]
["Área das UPAs com (2, 5] ha","hectare",11,2.2,{"v":4.03,"d":"4.0"},4.9,44.3]
["Área das UPAs com (5, 10] ha","hectare",14,5.1,{"v":7.17,"d":"7.2"},{"v":10,"d":"10.0"},100.4]
["Área das UPAs com (10, 20] ha","hectare",19,12.1,{"v":15.45,"d":"15.5"},19.4,293.6]
["Área das UPAs com (20, 50] ha","hectare",42,20.5,{"v":32.27,"d":"32.3"},{"v":50,"d":"50.0"},{"v":1355.3,"d":"1,355.3"}]
["Área das UPAs com (50, 100] ha","hectare",13,50.8,{"v":66.67,"d":"66.7"},{"v":99,"d":"99.0"},866.7]
["Área das UPAs com (100, 200] ha","hectare",9,106.5,{"v":137.23,"d":"137.2"},196.2,{"v":1235.1,"d":"1,235.1"}]
["Área das UPAs com (200, 500] ha","hectare",12,202.9,{"v":315.62,"d":"315.6"},{"v":484,"d":"484.0"},{"v":3787.4,"d":"3,787.4"}]
["Área das UPAs com (500, 1.000] ha","hectare",10,504.8,{"v":681.88,"d":"681.9"},895.4,{"v":6818.8,"d":"6,818.8"}]
["Área das UPAs com (1.000, 2.000] ha","hectare",1,{"v":1198.2,"d":"1,198.2"},{"v":1198.2,"d":"1,198.2"},{"v":1198.2,"d":"1,198.2"},{"v":1198.2,"d":"1,198.2"}]
["Área das UPAs com (2.000, 5.000] ha","hectare",1,{"v":4260.1,"d":"4,260.1"},{"v":4260.1,"d":"4,260.1"},{"v":4260.1,"d":"4,260.1"},{"v":4260.1,"d":"4,260.1"}]
["Área das UPAs com (5.000, 10.000] ha","hectare","-","-","-","-","-"]
["Área das UPAs acima de 10.000 ha","hectare","-","-","-","-","-"]
["Familiares do proprietário que trabalham na UPA","unidade",80,{"v":1,"d":"1.0"},{"v":1.28,"d":"1.3"},{"v":3,"d":"3.0"},{"v":102,"d":"102.0"}]
["Trabalhadores permanentes","unidade",35,{"v":1,"d":"1.0"},{"v":5,"d":"5.0"},{"v":30,"d":"30.0"},{"v":175,"d":"175.0"}]
["Fonte: Secretaria de Agricultura e Abastecimento, CDRS/IEA, Projeto LUPA."]
[]
["TABELA 613.2 - Explorações Animais, Município de Ubarana, Estado de São Paulo, 2007/08."]
["ITEM","UNIDADE","N.DE UPAs","MÍNIMO","MÉDIO","MÁXIMO","TOTAL"]
["Avicultura de Corte","cabeças/ano",4,{"v":30,"d":"30.0"},{"v":165020,"d":"165,020.0"},{"v":560000,"d":"560,000.0"},{"v":660080,"d":"660,080.0"}]
["Avicultura para Ovos","cabeças",9,{"v":20,"d":"20.0"},{"v":35,"d":"35.0"},{"v":50,"d":"50.0"},{"v":315,"d":"315.0"}]
["Bovinocultura de Corte","cabeças",19,{"v":3,"d":"3.0"},{"v":235.26,"d":"235.3"},{"v":1200,"d":"1,200.0"},{"v":4470,"d":"4,470.0"}]
["Bovinocultura Leiteira","cabeças",40,{"v":1,"d":"1.0"},{"v":17.23,"d":"17.2"},{"v":100,"d":"100.0"},{"v":689,"d":"689.0"}]
["Bovinocultura Mista","cabeças",54,{"v":3,"d":"3.0"},{"v":37.59,"d":"37.6"},{"v":400,"d":"400.0"},{"v":2030,"d":"2,030.0"}]
["Caprinocultura","cabeças",1,{"v":30,"d":"30.0"},{"v":30,"d":"30.0"},{"v":30,"d":"30.0"},{"v":30,"d":"30.0"}]
["Equinocultura","cabeças",37,{"v":1,"d":"1.0"},{"v":2.81,"d":"2.8"},{"v":8,"d":"8.0"},{"v":104,"d":"104.0"}]
["Ovinocultura","cabeças",1,{"v":40,"d":"40.0"},{"v":40,"d":"40.0"},{"v":40,"d":"40.0"},{"v":40,"d":"40.0"}]
["Suinocultura","cabeças",16,{"v":2,"d":"2.0"},{"v":18.56,"d":"18.6"},{"v":35,"d":"35.0"},{"v":297,"d":"297.0"}]
["Fonte: Secretaria de Agricultura e Abastecimento, CDRS/IEA, Projeto LUPA."]
[]
["TABELA 613.3 -  Máquinas, Implementos e Benfeitorias, Município de Ubarana, Estado de São Paulo, 2007/08."]
["ITEM","UNIDADE","N.DE UPAs","MÍNIMO","MÉDIO","MÁXIMO","TOTAL"]
["Arado Comum (Bacia, Aiveca)","Unidade",22,{"v":1,"d":"1.0"},1.5,{"v":5,"d":"5.0"},{"v":33,"d":"33.0"}]
["Arado Escarificador","Unidade",7,{"v":1,"d":"1.0"},{"v":1,"d":"1.0"},{"v":1,"d":"1.0"},{"v":7,"d":"7.0"}]
["Arado Subsolador","Unidade",6,{"v":1,"d":"1.0"},{"v":1.17,"d":"1.2"},{"v":2,"d":"2.0"},{"v":7,"d":"7.0"}]
["Batedeira de Cereais","Unidade",2,{"v":1,"d":"1.0"},{"v":1,"d":"1.0"},{"v":1,"d":"1.0"},{"v":2,"d":"2.0"}]
["Colhedeira Acoplada","Unidade",2,{"v":1,"d":"1.0"},{"v":1,"d":"1.0"},{"v":1,"d":"1.0"},{"v":2,"d":"2.0"}]
["Colhedeira Automotriz","Unidade",3,{"v":1,"d":"1.0"},{"v":1,"d":"1.0"},{"v":1,"d":"1.0"},{"v":3,"d":"3.0"}]
["Conj.Irrigação Convencional","Unidade",2,{"v":1,"d":"1.0"},{"v":1,"d":"1.0"},{"v":1,"d":"1.0"},{"v":2,"d":"2.0"}]
["Conj.Irrigação/Gotejamento/Microaspersão","Unidade",1,{"v":1,"d":"1.0"},{"v":1,"d":"1.0"},{"v":1,"d":"1.0"},{"v":1,"d":"1.0"}]
["Conjunto de Fenação","Unidade",1,{"v":1,"d":"1.0"},{"v":1,"d":"1.0"},{"v":1,"d":"1.0"},{"v":1,"d":"1.0"}]
["Desintegrador, Picador, Triturador","Unidade",11,{"v":1,"d":"1.0"},{"v":1.18,"d":"1.2"},{"v":3,"d":"3.0"},{"v":13,"d":"13.0"}]
["Distribuidor de Calcário","Unidade",16,{"v":1,"d":"1.0"},{"v":1.19,"d":"1.2"},{"v":2,"d":"2.0"},{"v":19,"d":"19.0"}]
["Ensiladeira","Unidade",8,{"v":1,"d":"1.0"},{"v":1.38,"d":"1.4"},{"v":3,"d":"3.0"},{"v":11,"d":"11.0"}]
["Grade Aradora (Tipo Romi)","Unidade",14,{"v":1,"d":"1.0"},{"v":1.21,"d":"1.2"},{"v":3,"d":"3.0"},{"v":17,"d":"17.0"}]
["Grade Niveladora","Unidade",22,{"v":1,"d":"1.0"},{"v":1.55,"d":"1.6"},{"v":5,"d":"5.0"},{"v":34,"d":"34.0"}]
["Implementos para Tração Animal","Unidade",3,{"v":1,"d":"1.0"},{"v":1.67,"d":"1.7"},{"v":2,"d":"2.0"},{"v":5,"d":"5.0"}]
["Misturador de Ração","Unidade",2,{"v":1,"d":"1.0"},{"v":1,"d":"1.0"},{"v":1,"d":"1.0"},{"v":2,"d":"2.0"}]
["Ordenhadeira Mecânica","Unidade",3,{"v":1,"d":"1.0"},{"v":1,"d":"1.0"},{"v":1,"d":"1.0"},{"v":3,"d":"3.0"}]
["Pulverizador Tratorizado","Unidade",15,{"v":1,"d":"1.0"},{"v":1.93,"d":"1.9"},{"v":4,"d":"4.0"},{"v":29,"d":"29.0"}]
["Resfriador de Leite, Tanque Expansão","Unidade",4,{"v":1,"d":"1.0"},{"v":1.75,"d":"1.8"},{"v":3,"d":"3.0"},{"v":7,"d":"7.0"}]
["Semeadeira/Adubadeira para Plantio Convencional","Unidade",9,{"v":1,"d":"1.0"},{"v":1.11,"d":"1.1"},{"v":2,"d":"2.0"},{"v":10,"d":"10.0"}]
["Semeadeira/Plantadeira Plantio Direto","Unidade",7,{"v":1,"d":"1.0"},{"v":1.71,"d":"1.7"},{"v":3,"d":"3.0"},{"v":12,"d":"12.0"}]
["Terraceador","Unidade",3,{"v":1,"d":"1.0"},{"v":1,"d":"1.0"},{"v":1,"d":"1.0"},{"v":3,"d":"3.0"}]
["Trator de Pneus","Unidade",34,{"v":1,"d":"1.0"},{"v":2.24,"d":"2.2"},{"v":6,"d":"6.0"},{"v":76,"d":"76.0"}]
["Açude/Represa","Unidade",33,{"v":1,"d":"1.0"},{"v":2.15,"d":"2.2"},{"v":7,"d":"7.0"},{"v":71,"d":"71.0"}]
["Almoxarifado/Oficina","Unidade",18,{"v":1,"d":"1.0"},{"v":1.06,"d":"1.1"},{"v":2,"d":"2.0"},{"v":19,"d":"19.0"}]
["Armazém para Grãos Ensacados","Sacas",9,{"v":1,"d":"1.0"},{"v":111.89,"d":"111.9"},{"v":500,"d":"500.0"},{"v":1007,"d":"1,007.0"}]
["Balança para Bovinos","Unidade",4,{"v":1,"d":"1.0"},{"v":1.25,"d":"1.3"},{"v":2,"d":"2.0"},{"v":5,"d":"5.0"}]
["Balança para Veículos","Unidade",3,{"v":1,"d":"1.0"},{"v":1.33,"d":"1.3"},{"v":2,"d":"2.0"},{"v":4,"d":"4.0"}]
["Barracão para Granja/Avicultura","Unidade",4,{"v":2,"d":"2.0"},{"v":6.25,"d":"6.3"},{"v":15,"d":"15.0"},{"v":25,"d":"25.0"}]
["Barracão/Galpão/Garagem","Unidade",32,{"v":1,"d":"1.0"},{"v":1.34,"d":"1.3"},{"v":7,"d":"7.0"},{"v":43,"d":"43.0"}]
["Casa de Moradia Habitada","Unidade",73,{"v":1,"d":"1.0"},{"v":1.56,"d":"1.6"},{"v":8,"d":"8.0"},{"v":114,"d":"114.0"}]
["Casa de Moradia Total","Unidade",83,{"v":1,"d":"1.0"},{"v":1.94,"d":"1.9"},{"v":11,"d":"11.0"},{"v":161,"d":"161.0"}]
["Curral/Mangueira","Unidade",58,{"v":1,"d":"1.0"},{"v":1.09,"d":"1.1"},{"v":3,"d":"3.0"},{"v":63,"d":"63.0"}]
["Depósito/Tulha","Unidade",37,{"v":1,"d":"1.0"},{"v":1.14,"d":"1.1"},{"v":4,"d":"4.0"},{"v":42,"d":"42.0"}]
["Engenho","Unidade",1,{"v":1,"d":"1.0"},{"v":1,"d":"1.0"},{"v":1,"d":"1.0"},{"v":1,"d":"1.0"}]
["Estábulo","Unidade",3,{"v":1,"d":"1.0"},{"v":1.33,"d":"1.3"},{"v":2,"d":"2.0"},{"v":4,"d":"4.0"}]
["Fábrica de Ração","Unidade",4,{"v":1,"d":"1.0"},{"v":1,"d":"1.0"},{"v":1,"d":"1.0"},{"v":4,"d":"4.0"}]
["Instalações para Equinos","Unidade",1,{"v":2,"d":"2.0"},{"v":2,"d":"2.0"},{"v":2,"d":"2.0"},{"v":2,"d":"2.0"}]
["Pocilga","Unidade",9,{"v":1,"d":"1.0"},{"v":1.11,"d":"1.1"},{"v":2,"d":"2.0"},{"v":10,"d":"10.0"}]
["Poço Semi-Artesiano","Unidade",44,{"v":1,"d":"1.0"},{"v":1.09,"d":"1.1"},{"v":3,"d":"3.0"},{"v":48,"d":"48.0"}]
["Posto Meteorológico","Unidade",1,{"v":1,"d":"1.0"},{"v":1,"d":"1.0"},{"v":1,"d":"1.0"},{"v":1,"d":"1.0"}]
["Silo para Grãos","t",1,{"v":3,"d":"3.0"},{"v":3,"d":"3.0"},{"v":3,"d":"3.0"},{"v":3,"d":"3.0"}]
["Silo para Silagem","t",4,{"v":150,"d":"150.0"},{"v":387.75,"d":"387.8"},{"v":600,"d":"600.0"},{"v":1551,"d":"1,551.0"}]
["Terreiro","m²",2,{"v":100,"d":"100.0"},{"v":150,"d":"150.0"},{"v":200,"d":"200.0"},{"v":300,"d":"300.0"}]
["Fonte: Secretaria de Agricultura e Abastecimento, CDRS/IEA, Projeto LUPA."]
[]
["TABELA 613.4 - Outras Estatísticas Agrícolas, Município de Ubarana, Estado de São Paulo, 2007/08."]
["ITEM","Número de UPAs",null,"Percentual"]
["Faz Parte de Associação de Produtores",99,null,{"v":71.22302158273381,"d":"71.2"}]
["Faz Parte de Cooperativa de Produtores",15,null,{"v":10.79136690647482,"d":"10.8"}]
["Faz Parte do Sindicato de Produtores",26,null,{"v":18.705035971223023,"d":"18.7"}]
["Não utiliza assistência técnica ",12,null,{"v":8.633093525179856,"d":"8.6"}]
["Utiliza somente assistência técnica governamental ",100,null,{"v":71.94244604316546,"d":"71.9"}]
["Utiliza somente assistência técnica privada ",18,null,{"v":12.949640287769784,"d":"12.9"}]
["Utiliza assistência técnica tanto governamental quanto privada",9,null,{"v":6.474820143884893,"d":"6.5"}]
["Utiliza Crédito Rural",27,null,{"v":19.424460431654676,"d":"19.4"}]
["Utiliza Seguro Rural",24,null,{"v":17.26618705035971,"d":"17.3"}]
["Utiliza Escrituração Agrícola",35,null,{"v":25.179856115107913,"d":"25.2"}]
["Acessa Internet p/ Fins na Agropecuária",3,null,{"v":2.1582733812949644,"d":"2.2"}]
["Utiliza Computador nas Atividades Agropecuárias",2,null,{"v":1.4388489208633095,"d":"1.4"}]
["Utiliza Energia Elétrica Para Uso na Atividade Agrícola",98,null,{"v":70.50359712230215,"d":"70.5"}]
["Realiza Análise de Solo, quando necessário",83,null,{"v":59.71223021582734,"d":"59.7"}]
["Utiliza Práticas de Conservação de Solo, quando necessário",86,null,{"v":61.8705035971223,"d":"61.9"}]
["Faz Adubação Mineral, quando necessário",94,null,{"v":67.62589928057554,"d":"67.6"}]
["Faz Adubação Orgânica, quando necessário",20,null,{"v":14.388489208633093,"d":"14.4"}]
["Faz Adubação Verde, quando necessário",11,null,{"v":7.913669064748202,"d":"7.9"}]
["Utiliza Manejo Integrado de Pragas (MIP)","-",null,"-"]
["Utiliza Hidroponia","-",null,"-"]
["Utiliza Plasticultura",1,null,{"v":0.7194244604316548,"d":"0.7"}]
["Utiliza Mudas Fiscalizadas",15,null,{"v":10.79136690647482,"d":"10.8"}]
["Utiliza Semente Melhorada",22,null,{"v":15.827338129496402,"d":"15.8"}]
["Faz Confinamento de Bovinos",4,null,{"v":2.877697841726619,"d":"2.9"}]
["Utiliza Pastejo Intensivo",46,null,{"v":33.093525179856115,"d":"33.1"}]
["Faz Inseminação Artificial",2,null,{"v":1.4388489208633095,"d":"1.4"}]
["Faz Mineralização do Rebanho",74,null,{"v":53.23741007194245,"d":"53.2"}]
["Faz Vermifugação do Rebanho",74,null,{"v":53.23741007194245,"d":"53.2"}]
["Possui Parceiros /Arrendatários na Exploração Animal",11,null,{"v":7.913669064748202,"d":"7.9"}]
["Esporte e lazer","-",null,"-"]
["Extração mineral","-",null,"-"]
["Hotel Fazenda, Pousada ou SPA","-",null,"-"]
["Pesque-pague","-",null,"-"]
["Restaurante ou Lanchonete","-",null,"-"]
["Transformação artesanal","-",null,"-"]
["Turismo rural ou ecoturismo","-",null,"-"]
["Outras atividades econômicas rurais","-",null,"-"]
["Agroindústria","-",null,"-"]
["Proprietário sem instrução ou com instrução incompleta",9,null,{"v":6.474820143884893,"d":"6.5"}]
["Proprietário com antigo primário completo",51,null,{"v":36.690647482014384,"d":"36.7"}]
["Proprietário com 1° grau (ou antigo ginasial) completo",16,null,{"v":11.510791366906476,"d":"11.5"}]
["Proprietário com 2° grau (ou antigo colegial) completo",25,null,{"v":17.98561151079137,"d":"18.0"}]
["Proprietário com curso superior completo ",29,null,{"v":20.863309352517984,"d":"20.9"}]
["Pessoa Jurídica",9,null,{"v":6.474820143884893,"d":"6.5"}]
["Proprietário residente na própria UPA ",23,null,{"v":16.546762589928058,"d":"16.5"}]
["Fonte: Secretaria de Agricultura e Abastecimento, CDRS/IEA, Projeto LUPA."]
[]
["TABELA 613.5 - Área Cultivada, Município de Ubarana, Estado de São Paulo, 2007/08."]
["CULTURA","N.DE UPAs","MÍNIMO","MÉDIO","MÁXIMO","TOTAL"]
["Cana-de-acucar",51,{"v":1,"d":"1.0"},{"v":214.85,"d":"214.9"},{"v":3641.6,"d":"3,641.6"},{"v":10957.3,"d":"10,957.3"}]
["Braquiaria",94,0.1,{"v":45.93,"d":"45.9"},866.4,{"v":4317.4,"d":"4,317.4"}]
["Laranja",8,3.6,{"v":213.21,"d":"213.2"},875.3,{"v":1705.7,"d":"1,705.7"}]
["Milho",10,0.6,{"v":80.91,"d":"80.9"},{"v":500,"d":"500.0"},809.1]
["Eucalipto",11,0.5,{"v":33.14,"d":"33.1"},{"v":322,"d":"322.0"},364.5]
["Seringueira",2,{"v":6,"d":"6.0"},{"v":13,"d":"13.0"},{"v":20,"d":"20.0"},{"v":26,"d":"26.0"}]
["Soja",1,{"v":24,"d":"24.0"},{"v":24,"d":"24.0"},{"v":24,"d":"24.0"},{"v":24,"d":"24.0"}]
["Cafe",3,0.2,{"v":1.47,"d":"1.5"},{"v":3,"d":"3.0"},4.4]
["Outras florestais",1,2.7,2.7,2.7,2.7]
["Capim-napier (ou capim-elefante)",1,{"v":1,"d":"1.0"},{"v":1,"d":"1.0"},{"v":1,"d":"1.0"},{"v":1,"d":"1.0"}]
["Tangerina",1,0.4,0.4,0.4,0.4]
["Coco-da-baia",1,0.1,0.1,0.1,0.1]
["Abacate",1,0.1,0.1,0.1,0.1]
["Limao",1,0.1,0.1,0.1,0.1]
["Fonte: Secretaria de Agricultura e Abastecimento, CDRS/IEA, Projeto LUPA."]